000 01011pab a2200193 454500
008 180718b1998 xxu||||| |||| 00| 0 eng d
100 _aHaragopal, G.
245 _aGood governance: Human rights perspective
260 _c1998
300 _ap.297-306.
362 _aJul-Sep
520 _aThe author traces origin of human rights thrust and emphases placed thereon by political thinkers to facilitate understanding of the concept vis-a-vis role of State. He then discusses various declarations/convention, etc., issued by international agencies to safeguard human rights globally, prescribing role of nation state in upholding there. He then critically discusses the Indian scenario in this regard and stresses the need for a transformative agenda to assess success/failure in moving towards good governance. - Reproduced
650 _aPublic administration
650 _aHuman rights
650 _aGood governance
773 _aIndian Journal of Public Administration
908 _aN
909 _a39387
999 _c39387
_d39387